[Event "AUTO-OPEN-2748"]
[Site "http://www.queenalice.com/game.php?id=1085917"]
[Date "2012.7.23"]
[Round "1"]
[White "Syndi"]
[Black "Dcar"]
[Result "1-0"]
[WhiteElo "1875"]
[BlackElo "1790"]

1. e4 Nc6 2. d4 g6 3. Nf3 Bg7 4. Bc4 e6 5. O-O Nf6 6. d5 Na5 7. dxe6 Nxc4 8.
exf7+ Kxf7 9. e5 Rf8 10. exf6 Bxf6 11. Qd5+ Kg7 12. Qxc4 d5 13. Qb4 a5 14. Qd2
Kg8 15. Nc3 c6 16. Ne2 b6 17. Ned4 c5 18. Nb5 Bf5 19. Qf4 d4 20. Na3 Qd5 21. Bd2
Be5 22. Qxe5 Qc6 23. Bh6 Rf7 24. Ng5 Re8 25. Qf4 Bh3 26. Qxf7+ 1-0

[Event "AUTO-OPEN-2772"]
[Site "http://www.queenalice.com/game.php?id=1095529"]
[Date "2012.8.22"]
[Round "1"]
[White "Pagano"]
[Black "Syndi"]
[Result "1-0"]
[WhiteElo "2091"]
[BlackElo "1943"]

1. e4 e6 2. Nf3 d5 3. exd5 exd5 4. Be2 Nf6 5. O-O Bd6 6. d4 O-O 7. Bg5 Bf5 8.
Nc3 c6 9. Qd2 Nbd7 10. Rfe1 Qc7 11. h3 Bb4 12. a3 Ne4 13. Qc1 Bxc3 14. bxc3 Nxc3
15. Nh4 Nxe2+ 16. Rxe2 Be6 17. f4 Nb6 18. f5 Bd7 19. f6 Rfe8 20. Rf2 Re4 21.
fxg7 Rae8 22. Qf1 Be6 23. c3 Nc4 24. Nf5 Ne3 25. Nh6+ Kxg7 26. Rxf7+ Bxf7 27.
Qf6+ Kf8 28. Qh8+ 1-0

[Event "AUTO-OPEN-2772"]
[Site "http://www.queenalice.com/game.php?id=1095530"]
[Date "2012.8.22"]
[Round "1"]
[White "Syndi"]
[Black "Pagano"]
[Result "1/2-1/2"]
[WhiteElo "1937"]
[BlackElo "2000"]

1. d4 d5 2. c4 c6 3. e3 Nf6 4. Nc3 Bf5 5. cxd5 cxd5 6. Nf3 e6 7. Bb5+ Nbd7 8.
Ne5 Bb4 9. Qa4 Bxc3+ 10. bxc3 a6 11. Nxd7 Nxd7 12. Bxd7+ Qxd7 13. Qxd7+ Kxd7 14.
a4 Rhc8 15. Kd2 b5 16. axb5 axb5 17. Bb2 Kc6 18. Rxa8 Rxa8 19. Ra1 Rxa1 20. Bxa1
Kb6 21. Bb2 1/2-1/2

[Event "AUTO-OPEN-2772"]
[Site "http://www.queenalice.com/game.php?id=1095559"]
[Date "2012.8.22"]
[Round "1"]
[White "Syndi"]
[Black "krystek23"]
[Result "0-1"]
[WhiteElo "2158"]
[BlackElo "2221"]

1. e4 c5 2. Nf3 e6 3. d4 cxd4 4. Nxd4 Nf6 5. Bd3 d6 6. Nc3 Nc6 7. Nb3 Be7 8. O-O
Bd7 9. Be3 O-O 10. f4 a5 11. a3 a4 12. Nd2 e5 13. Nc4 exf4 14. Bxf4 Ne5 15. Be3
Nfg4 16. Bb6 Qc8 17. Nxe5 Nxe5 18. Nd5 Bg5 19. h3 Re8 20. Qe2 Bd8 21. Kh1 Bc6
22. Bxd8 Qxd8 23. Qd2 Ra5 24. Nb4 f6 25. Rae1 Kh8 26. Re3 Ng6 27. Rf5 Ne5 28.
Rg3 Qc7 29. Qf2 Nxd3 30. cxd3 Rxf5 31. Qxf5 d5 32. Rg4 dxe4 33. Rh4 g5 0-1

[Event "AUTO-OPEN-2772"]
[Site "http://www.queenalice.com/game.php?id=1095560"]
[Date "2012.8.22"]
[Round "1"]
[White "krystek23"]
[Black "Syndi"]
[Result "1-0"]
[WhiteElo "2231"]
[BlackElo "2148"]

1. Nf3 Nf6 2. c4 c5 3. Nc3 Nc6 4. e3 g6 5. Be2 Bg7 6. O-O O-O 7. d4 d6 8. d5 Nb8
9. e4 Nbd7 10. h3 a6 11. Be3 h6 12. Qd2 Kh7 13. a3 Rb8 14. b4 b6 15. Rab1 Ng8
16. bxc5 Nxc5 17. Nd4 Bd7 18. Bf3 Qc7 19. Rfe1 Rb7 20. Nce2 b5 21. cxb5 axb5 22.
Rec1 Ra8 23. Qd1 Rxa3 24. Nb3 Qb8 25. Nxc5 dxc5 26. Bxc5 b4 27. Rc4 Ra4 28. e5
Qe8 29. Nd4 b3 30. Rxa4 Bxa4 31. Nc6 Rb5 32. Qd4 Qa8 33. Ba7 1-0

[Event "AUTO-OPEN-2772"]
[Site "http://www.queenalice.com/game.php?id=1095561"]
[Date "2012.8.22"]
[Round "1"]
[White "Syndi"]
[Black "argusvia"]
[Result "1-0"]
[WhiteElo "1974"]
[BlackElo "1860"]

1. e4 e5 2. f4 exf4 3. Nf3 Nc6 4. d4 d5 5. exd5 Qxd5 6. Bxf4 Bd6 7. Bxd6 Qxd6 8.
c3 Nf6 9. Bd3 O-O 10. O-O h6 11. Nbd2 Bg4 12. Qc2 Rfe8 13. Nc4 Qd8 14. Nce5 Bxf3
15. Nxf3 a6 16. Rae1 Rxe1 17. Rxe1 Qd6 18. h3 Re8 19. Rxe8+ Nxe8 20. Qe2 Qe7 21.
Kf2 Qxe2+ 22. Kxe2 Nd6 23. Nd2 Ne7 24. Ne4 Nxe4 25. Bxe4 c6 26. c4 f5 27. Bf3
Kf7 28. Ke3 g5 29. d5 cxd5 30. Bxd5+ Nxd5+ 31. cxd5 h5 32. h4 Kf6 33. hxg5+ Kxg5
34. d6 Kf6 35. Kf4 Ke6 36. d7 Kxd7 37. Kxf5 Kd6 38. Kg5 Ke5 39. Kxh5 b5 40. g4
Kf6 41. Kh6 b4 42. g5+ Kf7 43. Kh7 a5 44. g6+ 1-0

[Event "AUTO-OPEN-2772"]
[Site "http://www.queenalice.com/game.php?id=1095562"]
[Date "2012.8.22"]
[Round "1"]
[White "argusvia"]
[Black "Syndi"]
[Result "0-1"]
[WhiteElo "1860"]
[BlackElo "1993"]

1. e4 c6 2. d4 d5 3. e5 Bf5 4. Nc3 e6 5. Nf3 h6 6. Bd3 Bxd3 7. Qxd3 Qb6 8. O-O
Nd7 9. Re1 c5 10. Qb5 a6 11. Qxb6 Nxb6 12. Be3 Nc4 13. b3 Nxe3 14. Rxe3 cxd4 15.
Nxd4 Bc5 16. Rd1 Ne7 17. Nce2 Rc8 18. c3 O-O 19. f4 Ng6 20. g3 Ne7 21. Red3 Nf5
22. Kh1 Nxd4 23. Nxd4 Bxd4 24. cxd4 Rc2 25. R3d2 Rfc8 26. Kg1 Kf8 27. Kf1 Ke7
28. Ke1 Kd7 29. Rxc2 Rxc2 30. Rd2 Rxd2 31. Kxd2 Kc6 32. Kc3 Kc7 33. Kb4 Kb6 34.
h4 h5 35. a3 a5+ 36. Kc3 Kc6 37. b4 Kb5 38. bxa5 Kxa5 39. Kb3 b5 40. Kb2 Ka4 41.
Ka2 b4 42. axb4 Kxb4 43. Kb2 Kc4 44. f5 Kxd4 45. fxe6 fxe6 46. Kc2 Kxe5 0-1

[Event "Challenge"]
[Site "http://www.queenalice.com/game.php?id=1095890"]
[Date "2012.8.23"]
[Round "-"]
[White "jujuju"]
[Black "Syndi"]
[Result "0-1"]
[WhiteElo "2233"]
[BlackElo "1923"]

1. d4 c6 2. Nc3 d5 3. Nf3 e6 4. Bg5 Be7 5. Bxe7 Nxe7 6. e4 Nd7 7. Bd3 O-O 8. O-O
dxe4 9. Nxe4 Nd5 10. Neg5 h6 11. Ne4 Qc7 12. c4 N5f6 13. Nxf6+ Nxf6 14. b4 a5
15. bxa5 Rxa5 16. a4 c5 17. g3 cxd4 18. Nxd4 Bd7 19. Nb5 Bxb5 20. cxb5 Rd8 21.
h4 Raa8 22. Re1 Nd5 23. Rc1 Qd6 24. Qb3 Qb4 25. Qxb4 Nxb4 26. Be4 Rxa4 27. Bxb7
Rb8 28. Bc6 Nd3 29. Ra1 Rxa1 30. Rxa1 Ne5 31. Rc1 Nxc6 32. bxc6 Rc8 33. f4 Kf8
34. Kf2 Ke7 35. Ke3 Kd6 36. Ke4 Rxc6 37. Rxc6+ Kxc6 38. Ke5 Kd7 39. g4 f6+ 40.
Ke4 g6 41. f5 gxf5+ 42. gxf5 e5 43. Kd5 h5 44. Kc5 Kc7 45. Kd5 Kb6 46. Kc4 Kc6
47. Kd3 Kd5 48. Ke3 e4 0-1

[Event "Challenge"]
[Site "http://www.queenalice.com/game.php?id=1105603"]
[Date "2012.9.23"]
[Round "-"]
[White "Vonrunstedt"]
[Black "Syndi"]
[Result "1/2-1/2"]
[WhiteElo "1898"]
[BlackElo "2068"]

1. e4 c6 2. d4 d5 3. Nc3 dxe4 4. Nxe4 Bf5 5. Ng3 Bg6 6. Nf3 e6 7. Bd3 Bxd3 8.
Qxd3 Nf6 9. Bg5 Be7 10. O-O Nbd7 11. c4 O-O 12. Rad1 h6 13. Bf4 Re8 14. Rfe1 Nf8
15. Ne4 Ng6 16. Be5 Nxe5 17. Nxe5 Nxe4 18. Qxe4 Bf6 19. Qf4 Qc7 20. Qe3 Rad8 21.
f4 Bxe5 22. dxe5 c5 23. b3 b6 24. g3 Rxd1 25. Rxd1 Rd8 26. Qe2 Kf8 27. Rd2 Ke7
28. Kf2 Rxd2 29. Qxd2 Qd7 30. Qxd7+ Kxd7 31. Ke3 Kc6 32. Ke4 g6 33. g4 Kd7 34.
f5 g5 35. h3 Kc6 36. a3 a6 37. f6 a5 38. a4 Kb7 39. Ke3 Kc6 40. Ke4 Kb7 41. Ke3
Kc6 42. Ke4 1/2-1/2

[Event "Challenge"]
[Site "http://www.queenalice.com/game.php?id=1106830"]
[Date "2012.9.27"]
[Round "-"]
[White "Syndi"]
[Black "jujuju"]
[Result "1-0"]
[WhiteElo "2059"]
[BlackElo "2239"]

1. Nf3 d6 2. g3 Nc6 3. Bg2 Bf5 4. O-O Nf6 5. d3 d5 6. Nbd2 e6 7. Re1 Bc5 8. b3
O-O 9. Bb2 b5 10. h3 Re8 11. e4 dxe4 12. dxe4 Bg6 13. c4 a6 14. cxb5 axb5 15.
Qc1 Qe7 16. e5 Nd7 17. Ne4 Bxe4 18. Rxe4 h6 19. a3 b4 20. a4 Na5 21. Qc2 f5 22.
exf6 Nxf6 23. Bxf6 Qxf6 24. Rae1 Bd6 25. Nd2 Re7 26. Rxe6 Rxe6 27. Rxe6 Qxe6 28.
Bxa8 Qxh3 29. Bd5+ Kf8 30. Qh7 Be5 31. Qg8+ Ke7 32. Qf7+ Kd8 33. Be6 1-0

[Event "Challenge"]
[Site "http://www.queenalice.com/game.php?id=1109694"]
[Date "2012.10.5"]
[Round "-"]
[White "Syndi"]
[Black "AlekinePb"]
[Result "1-0"]
[WhiteElo "2087"]
[BlackElo "1924"]

1. Nf3 d5 2. g3 Nf6 3. Bg2 c6 4. O-O Bg4 5. d3 Nbd7 6. Nbd2 e5 7. b3 Bd6 8. Bb2
O-O 9. e4 d4 10. h3 Bxf3 11. Nxf3 c5 12. Nd2 Rc8 13. f4 b5 14. f5 c4 15. dxc4
bxc4 16. Nxc4 Bb8 17. Kh2 Nc5 18. Ba3 Re8 19. Bxc5 Rxc5 20. Re1 a5 21. Bf1 h6
22. Bd3 Nd7 23. Rf1 Nb6 24. Nxb6 Qxb6 25. Bc4 a4 26. f6 g6 27. Qg4 Kh7 28. Bxf7
Rxc2+ 29. Kh1 Rf8 30. Qxg6+ 1-0

[Event "Challenge"]
[Site "http://www.queenalice.com/game.php?id=1109695"]
[Date "2012.10.5"]
[Round "-"]
[White "AlekinePb"]
[Black "Syndi"]
[Result "0-1"]
[WhiteElo "1890"]
[BlackElo "2010"]

1. d4 c6 2. c4 d5 3. Nc3 e6 4. Nf3 Nd7 5. Bf4 Ngf6 6. e3 dxc4 7. Bxc4 Be7 8. O-O
O-O 9. Bd3 c5 10. dxc5 Nxc5 11. Bc2 b6 12. Qxd8 Rxd8 13. Rad1 Ba6 14. Ne5 Bxf1
15. Kxf1 Rxd1+ 16. Bxd1 Rd8 17. Nc6 Rd7 18. Nxe7+ Rxe7 0-1

[Event "Challenge"]
[Site "http://www.queenalice.com/game.php?id=1110464"]
[Date "2012.10.8"]
[Round "-"]
[White "Syndi"]
[Black "AlekinePb"]
[Result "1-0"]
[WhiteElo "2098"]
[BlackElo "1910"]

1. e4 c6 2. d4 d5 3. Nc3 dxe4 4. Nxe4 Bf5 5. Ng3 Bg6 6. Nf3 Nd7 7. Bd3 Bxd3 8.
Qxd3 Ngf6 9. O-O e6 10. Bf4 Be7 11. c4 O-O 12. Ne4 Nxe4 13. Qxe4 Nf6 14. Qc2 Nd7
15. Rad1 Qa5 16. b3 Qh5 17. Rfe1 Bf6 18. Bd6 Rfe8 19. Ne5 Nxe5 20. dxe5 Be7 21.
Re3 Rad8 22. Rh3 Qg6 23. Qxg6 hxg6 24. Rhd3 Bxd6 25. Rxd6 Rxd6 26. exd6 Rd8 27.
c5 Kf8 28. Rd3 f5 29. f4 Ke8 30. Kf2 Kd7 31. Rg3 b6 32. b4 Ke8 33. Rxg6 Kf7 34.
Rg3 bxc5 35. bxc5 Rb8 36. Rb3 Rh8 37. Rb7+ Kf6 38. h3 1-0

[Event "Challenge"]
[Site "http://www.queenalice.com/game.php?id=1124826"]
[Date "2012.11.22"]
[Round "-"]
[White "Meckerkopp"]
[Black "Syndi"]
[Result "0-1"]
[WhiteElo "2006"]
[BlackElo "2112"]

1. e4 c6 2. d4 d5 3. e5 Bf5 4. Bd3 Bxd3 5. Qxd3 e6 6. Nf3 Nd7 7. a3 Ne7 8. Bg5
Qb6 9. b4 a5 10. bxa5 Qxa5+ 11. Nbd2 b5 12. O-O h6 13. Nb3 Qc7 14. Bd2 Ng6 15.
Bb4 Be7 16. Bxe7 Nxe7 17. Ra2 O-O 18. g4 Qd8 19. Rfa1 Ra4 20. h3 Ng6 21. Qe3 Nh4
22. Nbd2 Nb6 23. Qc3 Nc4 24. Nxc4 Rxc4 25. Qd3 Nxf3+ 26. Qxf3 Rxd4 27. a4 Rxa4
28. Rxa4 bxa4 29. Rxa4 Qg5 30. Qe2 Rb8 31. f4 Qh4 32. Kg2 Qd8 33. Kg3 Qb6 34.
Ra1 Qb2 35. Rf1 Rb4 36. Rf2 Re4 37. Qd3 Qc1 0-1

[Event "AUTO-OPEN-2748"]
[Site "http://www.queenalice.com/game.php?id=1126934"]
[Date "2012.11.29"]
[Round "2"]
[White "paco78"]
[Black "Syndi"]
[Result "0-1"]
[WhiteElo "1835"]
[BlackElo "2107"]

1. d4 c6 2. Bf4 Nf6 3. h3 d5 4. e3 Nbd7 5. Nc3 e6 6. Nf3 c5 7. dxc5 Bxc5 8. Nb5
Qa5+ 9. c3 O-O 10. b4 Bxb4 11. cxb4 Qxb4+ 12. Nd2 e5 13. Bg5 Ne4 14. Nc7 Nxg5
15. Nxa8 Nf6 16. Nc7 a6 17. Qc2 Bd7 18. Rb1 Qa5 19. f3 Rc8 20. Rc1 Ne6 21. Be2
Rxc7 22. Qb2 Rxc1+ 23. Qxc1 Qxa2 24. O-O Qa5 25. Qb1 Qxd2 26. Re1 Qxe3+ 27. Kf1
Qa7 28. Rc1 Bc6 29. Qa2 e4 30. fxe4 Nxe4 31. Bxa6 Bb5+ 32. Ke1 Qg1# 0-1

[Event "AUTO-OPEN-2748"]
[Site "http://www.queenalice.com/game.php?id=1126935"]
[Date "2012.11.29"]
[Round "2"]
[White "Syndi"]
[Black "paco78"]
[Result "1-0"]
[WhiteElo "2121"]
[BlackElo "1824"]

1. e4 e5 2. Nf3 Nf6 3. d4 exd4 4. e5 Bb4+ 5. Bd2 Bxd2+ 6. Qxd2 Qe7 7. Be2 Ng4 8.
Qxd4 Nh6 9. O-O O-O 10. Nc3 Nc6 11. Qf4 Nb4 12. a3 Nc6 13. Nd5 Qd8 14. Bd3 f5
15. exf6 Rxf6 16. Nxf6+ Qxf6 17. Qxf6 gxf6 18. Rfe1 Kf8 19. Bxh7 Kf7 20. Be4 Ne7
21. Rad1 c6 22. c4 a6 23. c5 a5 24. Bc2 a4 25. Rd4 Nhf5 26. Rxa4 Rb8 27. Rf4 d6
28. Bxf5 Nxf5 29. cxd6 Nxd6 30. Ne5+ Kg7 31. Nc4 Nf7 32. Re8 b5 33. Na5 c5 34.
Nc6 Ra8 35. Ne7 Nd6 36. Rd8 Kf7 37. Nxc8 Nxc8 38. g3 Ke7 39. Rh8 c4 40. Rg4 Kd7
41. Rgg8 f5 42. h4 b4 43. Rxc8 Rxc8 44. Rxc8 Kxc8 45. axb4 Kb7 46. h5 Kb6 47. h6
Kb5 48. h7 Kxb4 49. h8=Q Kb3 50. Qc3+ Ka2 51. Qxc4+ Kxb2 52. Kf1 Kb1 53. Ke2 Kb2
54. Kd2 Kb1 55. Qb3+ Ka1 56. Kc2 f4 57. Qb2# 1-0

[Event "AUTO-OPEN-2748"]
[Site "http://www.queenalice.com/game.php?id=1126948"]
[Date "2012.11.29"]
[Round "2"]
[White "Syndi"]
[Black "jwb"]
[Result "1-0"]
[WhiteElo "2128"]
[BlackElo "1844"]

1. Nf3 Nc6 2. g3 d5 3. Bg2 e5 4. d3 Bf5 5. O-O e4 6. dxe4 dxe4 7. Nh4 Qc8 8. Qd5
Be6 9. Qxe4 Bd6 10. Bf4 Nf6 11. Qa4 O-O 12. Bxd6 cxd6 13. Nc3 Bh3 14. Rfd1 Bxg2
15. Nxg2 Qh3 16. Qh4 Qxh4 17. Nxh4 d5 18. Nxd5 Ne4 19. Nf5 Rae8 20. e3 Ne5 21.
Kg2 g6 22. Nd4 Ng4 23. f3 Nef2 24. Re1 f5 25. fxg4 fxg4 26. Rf1 Ne4 27. Rxf8+
Rxf8 28. Rf1 Rd8 29. Nf6+ Nxf6 30. Rxf6 Kg7 31. Ne6+ Kxf6 32. Nxd8 b6 33. Nc6 a6
34. Nb4 Ke5 35. Nxa6 Ke4 36. Nb4 Kxe3 37. Nd5+ Kd2 38. Nxb6 Kxc2 39. a4 1-0

[Event "AUTO-OPEN-2748"]
[Site "http://www.queenalice.com/game.php?id=1126949"]
[Date "2012.11.29"]
[Round "2"]
[White "jwb"]
[Black "Syndi"]
[Result "0-1"]
[WhiteElo "1848"]
[BlackElo "2138"]

1. d4 e6 2. Nf3 d5 3. Bf4 c5 4. e3 Nc6 5. Bb5 Bd7 6. c4 dxc4 7. Bxc4 Qb6 8. b3
cxd4 9. exd4 Bb4+ 10. Ke2 Nf6 11. a3 Be7 12. Nc3 O-O 13. Qc2 Nxd4+ 14. Nxd4 Qxd4
15. Be3 Qg4+ 16. Kf1 Bc6 17. f3 Bxf3 18. gxf3 Qxf3+ 19. Kg1 Qxe3+ 20. Kg2 Rfd8
21. Rhd1 Rxd1 22. Rxd1 Bxa3 23. Bd3 Rc8 24. Bc4 Bb4 25. Rd3 Qg5+ 26. Rg3 Qe5 27.
Na2 Bd6 28. Qe2 Qxe2+ 29. Bxe2 Bxg3 30. Kxg3 Rc2 31. Nc3 Rxc3+ 0-1

[Event "Challenge"]
[Site "http://www.queenalice.com/game.php?id=1139139"]
[Date "2013.1.10"]
[Round "-"]
[White "GiulioTorino"]
[Black "Syndi"]
[Result "0-1"]
[WhiteElo "1649"]
[BlackElo "2112"]

1. e4 c6 2. Bc4 d5 3. exd5 cxd5 4. Bb3 Nf6 5. d3 h6 6. h3 e6 7. Nf3 Bd6 8. Be3
O-O 9. d4 Ne4 10. Nbd2 Nxd2 11. Qxd2 Nd7 12. g3 Nf6 13. Ne5 Bd7 14. Nf3 Ne4 15.
Qd3 Rc8 16. c3 Qf6 17. Ne5 Bxe5 18. Bc2 Bd6 19. f3 Bxg3+ 20. Ke2 a6 21. fxe4 Bb5
22. e5 Bxd3+ 23. Bxd3 Qh4 0-1

[Event "Challenge"]
[Site "http://www.queenalice.com/game.php?id=1141691"]
[Date "2013.1.17"]
[Round "-"]
[White "Syndi"]
[Black "eddval"]
[Result "0-1"]
[WhiteElo "2141"]
[BlackElo "2103"]

1. e4 e5 2. Nf3 Nc6 3. Bb5 a6 4. Bxc6 dxc6 5. d4 exd4 6. Qxd4 Qxd4 7. Nxd4 c5 8.
Ne2 Be6 9. Nf4 Bd7 10. Be3 Nf6 11. f3 Bd6 12. Nd2 O-O-O 13. O-O Rhe8 14. Rad1
Bc6 15. Nc4 Bxf4 16. Bxf4 Bb5 17. b3 Bxc4 18. bxc4 Rd4 19. Rxd4 cxd4 20. c5 Nd7
21. Rd1 Nxc5 22. Rxd4 Ne6 0-1

[Event "AUTO-OPEN-2748"]
[Site "http://www.queenalice.com/game.php?id=1165245"]
[Date "2013.3.27"]
[Round "3"]
[White "Syndi"]
[Black "Flamengo_Brasil"]
[Result "1-0"]
[WhiteElo "2145"]
[BlackElo "2185"]

1. e4 c5 2. Nf3 Nc6 3. d4 cxd4 4. Nxd4 g6 5. Nc3 Bg7 6. Be3 Nf6 7. Bc4 d6 8. O-O
O-O 9. a3 Ne5 10. Ba2 Nfg4 11. Bc1 Nf6 12. Be3 Nfg4 13. Bc1 1-0

[Event "AUTO-OPEN-2748"]
[Site "http://www.queenalice.com/game.php?id=1165246"]
[Date "2013.3.27"]
[Round "3"]
[White "Flamengo_Brasil"]
[Black "Syndi"]
[Result "0-1"]
[WhiteElo "2199"]
[BlackElo "2131"]

1. e4 c5 2. Nf3 Nc6 3. Bb5 g6 4. O-O Bg7 5. Re1 Nf6 6. c3 a6 7. Ba4 b5 8. Bc2 d6
9. d4 O-O 10. Na3 Bb7 11. dxc5 dxc5 12. Qxd8 Raxd8 13. Bd2 e6 0-1